000
00285nam a2200085Ia 4500
008
220120s9999||||xx |||||||||||||| ||und||
100
_a
Karyappa, Akshith Monnappa, Ragh Kuttappa and Rohith
245
0
_a
Acoustic noise suppression
260
_a
Coorg Institute of Technology
_b
Ponnampet
_c
2014
999
_c
138073
_d
138073